El sí de las niñas
Salvato in:
| Autore principale: | |
|---|---|
| Natura: | Libro |
| Lingua: | spagnolo |
| Pubblicazione: |
Zaragoza
Ebro
1980
|
| Edizione: | 14a. ed |
| Serie: | Clásicos Ebro, 39
|
| Soggetti: | |
| Tags: |
Aggiungi Tag
Nessun Tag, puoi essere il primo ad aggiungerne!!
|
MARC
| LEADER | 00000nam a2200000 a 4500 | ||
|---|---|---|---|
| 001 | UCX2171 | ||
| 003 | CL-VaPUC | ||
| 008 | 910328e19800000SP |||||||||||||||||spa|d | ||
| 082 | 0 | 4 | |a 862 |b FER |2 21 |
| 100 | 0 | |a Fernández de Moratín, Leandro |e author |9 318007 | |
| 245 | 1 | 3 | |a El sí de las niñas |
| 250 | |a 14a. ed | ||
| 300 | |a 130 p | ||
| 942 | |c BK | ||
| 945 | |d 19910328 00:00:00 | ||
| 260 | |a Zaragoza |b Ebro |c 1980 | ||
| 650 | 0 | |a Teatro español |9 265077 | |
| 583 | |a last modification |c 20150113 05:21:10 |k Rodrigo Vera | ||
| 490 | 0 | |a Clásicos Ebro, 39 | |
| 999 | |c 223253 |d 223251 | ||